000 00414nam a22001217a 4500
082 _a220PRO
100 _aShamail Bin Zaman. Muhammad Sultan Azam. Mustafa Raza Khan. Waleed Ahmed
_973336
245 _aPR-SOF-1975-Micro-Robotic Injection Module
260 _aISLAMABAD
_bNUST COLLEGE OF EME
_c2020
650 _aDE-MTS-38
700 _aProject Supervisor's Dr. Danish Hussain. Lec Umar Aslam.
_973337
942 _cCF
999 _c579106
_d579106